000 01613nam a2200433Ii 4500
001 DIGICAR0063
003 NyNyDIG
006 m o d
007 cr |||||||||||
008 241204s2019 sp a ob 000 0 spa d
035 _a(OCoLC)1478204126
040 _aDGITA
_beng
_erda
_epn
_cDGITA
020 _z9788498889376
043 _ae-sp---
050 1 4 _aUA780 ebook
100 1 _aOrtega, Pere,
_eauthor.
245 1 0 _aDinero y militarismo :
_bdel franquismo a la democracia (1939-2018) /
_cPere Ortega.
250 _aPrimera edición
264 1 _aBarcelona :
_bIcaria Editorial,
_c[2019]
300 _a1 online resource :
_billustrations.
336 _atext
_btxt
_2rdacontent
337 _acomputer
_bc
_2rdamedia
338 _aonline resource
_bcr
_2rdacarrier
347 _atext file
_2rdaft
347 _bPDF
490 1 _aAntrazyt. Economía
504 _aIncludes bibliographical references.
588 0 _aOnline resource; title from PDF title page (Digitalia, viewed December 4, 2024)
650 0 _aMilitary readiness
_xEconomic aspects.
650 0 _aArmed Forces
_xAppropriations and expenditures.
651 0 _aSpain
_xDefenses
_xEconomic aspects.
776 0 8 _iPrint version:
_aOrtega, Pere.
_tDinero y militarismo.
_bPrimera edición.
_dBarcelona : Icaria Editorial, [2019]
_z9788498889376
791 2 _aDigitalia (Firm),
_edistributor.
793 0 _gDigitalia eBook Collection:
_aIcaria Editorial
830 0 _aAntrazyt.
_pEconomía.
856 4 0 _3Digitalia Hispánica
_uhttps://www.digitaliapublishing.com/a/158387/
910 _aPremium collection: 2024
942 _cRAA
999 _c287613
_d287613